Handbook of neural engineering (Record no. 11416)
[ view plain ]
| 000 -LEADER | |
|---|---|
| fixed length control field | 00428cam a22001457a 4500 |
| 020 ## - INTERNATIONAL STANDARD BOOK NUMBER | |
| International Standard Book Number | 9780470056691 |
| 040 ## - CATALOGING SOURCE | |
| Modifying agency | DLC |
| 082 04 - DEWEY DECIMAL CLASSIFICATION NUMBER | |
| Classification number | 612.80113 |
| Edition number | 22 |
| 245 00 - TITLE STATEMENT | |
| Title | Handbook of neural engineering |
| Statement of responsibility, etc. | Metin Akay. |
| 260 ## - PUBLICATION, DISTRIBUTION, ETC. | |
| Place of publication, distribution, etc. | Hoboken, N.J. : |
| Name of publisher, distributor, etc. | Wiley ; |
| Place of publication, distribution, etc. | Chichester : |
| Name of publisher, distributor, etc. | John Wiley [distributor], |
| Date of publication, distribution, etc. | 2007. |
| 300 ## - PHYSICAL DESCRIPTION | |
| Extent | 662 p. : |
| Other physical details | ill. ; |
| Dimensions | 27 cm. |
| 650 #0 - SUBJECT ADDED ENTRY--TOPICAL TERM | |
| Topical term or geographic name entry element | Neural networks (Computer science) |
| 700 1# - ADDED ENTRY--PERSONAL NAME | |
| Personal name | Akay, Metin. |
| 942 ## - ADDED ENTRY ELEMENTS (KOHA) | |
| Source of classification or shelving scheme | |
| Koha item type | Book |
| Withdrawn status | Lost status | Damaged status | Not for loan | Collection code | Permanent Location | Current Location | Shelving location | Date acquired | Source of acquisition | Cost, normal purchase price | Total Checkouts | Total Renewals | Full call number | Barcode | Date last seen | Date last checked out | Price effective from | Koha item type |
|---|---|---|---|---|---|---|---|---|---|---|---|---|---|---|---|---|---|---|
| Central Library (CL) | Central Library (CL) | General Stacks | 11/12/2012 | A&J DEF TEK Consultants | 14963.98 | 2 | 1 | 612.80113 AKA | SEECS011643 | 12/18/2018 | 10/04/2018 | 01/05/2017 | Reference |
